江西省地图点选 Jiangxi Click Map - Statistics

General Stats
  • This quiz has been taken 25 times
    21 since last reset
  • The average score is 11 of 11
Answers on the Map
Answers color-coded by a green-red scale on the quiz's map according to % correct below.
 
Answer Stats
Answer % Correct
南昌市
100%
萍乡市
100%
九江市
100%
赣州市
100%
宜春市
100%
抚州市
100%
景德镇市
94%
鹰潭市
94%
上饶市
94%
新余市
88%
吉安市
88%
No matching quizzes found
Score Distribution
Percent of People with Each Score
Percentile by Number Answered
Your Score History
You have not taken this quiz since the last reset